000 00303nam a2200145Ia 4500
100 _aHead/ G.O. & others
942 _cBK
654 _aComputer
245 _aThe Auto Cad 3D Book
260 _bGalgotia
_aNew Delhi
_c1996
082 _a6.6
_bHEA
300 _a319
546 _aENGLISH
999 _c31331
_d31331